[Event "ROM-chT U20"]
[Site "Iasi"]
[Date "2018.07.17"]
[Round "5.3"]
[White "Miloi, Pavel Dan"]
[Black "Chivulescu, Adrian Alexandru"]
[Result "1-0"]
[WhiteElo "2037"]
[BlackElo "1879"]
[PlyCount "58"]
[EventDate "2018.07.13"]
[EventType "team-tourn"]
[EventRounds "6"]
[EventCountry "ROU"]
[SourceTitle "EXT 2019"]
[Source "ChessBase"]
[SourceDate "2018.10.10"]
[SourceVersion "1"]
[SourceVersionDate "2018.10.10"]
[SourceQuality "1"]
[WhiteTeam "Constanta Juniorul"]
[BlackTeam "Timisoara Medicina"]
[WhiteTeamCountry "ROU"]
[BlackTeamCountry "ROU"]

1. d4 Nf6 2. Nf3 e6 3. c4 Bb4+ 4. Bd2 Bxd2+ 5. Qxd2 b6 6. Nc3 Bb7 7. e3 0-0 8. Be2 d6 9. 0-0 Nbd7 10. Rfd1 Qe7 11. Rac1 Rad8 12. h3 e5 13. dxe5 dxe5 14. Qc2 e4 15. Nd4 Qe5 16. Nd5 Ne8 17. b4 a6 18. a3 g5 19. Nb3 c6 20. Nxb6 Nef6 21. Nxd7 Nxd7 22. c5 f5 23. Bc4+ Kg7 24. Na5 Ba8 25. Rd6 Rf6 26. Rxf6 Nxf6 27. Bxa6 Qd5 28. Nc4 h5 29. Nd6 Qe5 1-0

[Event "ROM-ch U16"]
[Site "Calimanesti"]
[Date "2018.03.27"]
[Round "1"]
[White "Chivulescu, Adrian Alexandru"]
[Black "Suliman, Reis"]
[Result "1-0"]
[WhiteElo "1849"]
[BlackElo "1055"]
[PlyCount "97"]
[EventDate "2018.03.27"]
[EventType "swiss"]
[EventRounds "9"]
[EventCountry "ROU"]
[SourceTitle "CBM 183 Extra"]
[Source "ChessBase"]
[SourceDate "2018.04.19"]
[SourceVersion "1"]
[SourceVersionDate "2018.04.19"]
[SourceQuality "1"]

1. d4 d5 2. c4 e6 3. Nc3 Nf6 4. cxd5 exd5 5. Bg5 Be7 6. e3 Nc6 7. Bd3 0-0 8. Bxf6 Bxf6 9. Qh5 g6 10. Qxd5 Be6 11. Qxd8 Raxd8 12. Nge2 a6 13. 0-0 Nb4 14. Be4 Nd5 15. Rac1 c6 16. Na4 Be7 17. Nc5 Rb8 18. Bxd5 Bxd5 19. Nd7 Rfd8 20. Nxb8 Rxb8 21. a3 a5 22. Nf4 Be4 23. f3 Bf5 24. Rfd1 Bg5 25. d5 cxd5 26. Nxd5 Be6 27. f4 Bxd5 28. Rxd5 Bf6 29. Rxa5 Bxb2 30. Rc2 Bf6 31. Rac5 Re8 32. Rc8 Bd8 33. Rd2 Rxe3 34. Rcxd8+ Kg7 35. R2d3 Re4 36. R8d4 Re6 37. Rb4 b6 38. Rdb3 b5 39. Rxb5 Re7 40. a4 Ra7 41. a5 Ra6 42. Ra3 Kh6 43. Rb6 Ra7 44. a6 Kg7 45. Rb7 Rxa6 46. Rxa6 Kf8 47. Raa7 Kg7 48. Rxf7+ Kh6 49. Rxh7# 1-0

[Event "ROM-ch U14"]
[Site "Baile Felix"]
[Date "2017.02.08"]
[Round "8"]
[White "Olariu, Luca Stefan"]
[Black "Chivulescu, Adrian Alexandru"]
[Result "1-0"]
[WhiteElo "2072"]
[BlackElo "1810"]
[PlyCount "68"]
[EventDate "2017.02.02"]
[EventType "swiss"]
[EventRounds "9"]
[EventCountry "ROU"]
[SourceTitle "CBM 176 Extra"]
[Source "ChessBase"]
[SourceDate "2017.03.02"]
[SourceVersion "1"]
[SourceVersionDate "2017.03.02"]
[SourceQuality "1"]

1. d4 d5 2. c4 e6 3. Nc3 c5 4. cxd5 exd5 5. Nf3 Nc6 6. g3 Nf6 7. Bg2 Be7 8. 0-0 0-0 9. Bf4 cxd4 10. Nxd4 Bg4 11. h3 Bd7 12. Nxc6 bxc6 13. Rc1 Bf5 14. Na4 Rc8 15. Be3 Qd7 16. Kh2 Rfd8 17. Bc5 Be4 18. Qd4 Bxg2 19. Kxg2 Ne4 20. Bxe7 Qxe7 21. b4 Ng5 22. h4 Ne6 23. Qd2 h6 24. Nc5 Re8 25. e3 Red8 26. Nxe6 fxe6 27. Rc5 Rb8 28. a3 Rb6 29. Rfc1 Rd6 30. Qc2 Qc7 31. Qc3 Kh8 32. Qd4 Qc8 33. Qe5 Kg8 34. Rxc6 Rd8 1-0

[Event "ROM-ch U14"]
[Site "Baile Felix"]
[Date "2017.02.05"]
[Round "4"]
[White "Boeru, Darius Alexandru"]
[Black "Chivulescu, Adrian Alexandru"]
[Result "1/2-1/2"]
[WhiteElo "1684"]
[BlackElo "1810"]
[PlyCount "88"]
[EventDate "2017.02.02"]
[EventType "swiss"]
[EventRounds "9"]
[EventCountry "ROU"]
[SourceTitle "CBM 176 Extra"]
[Source "ChessBase"]
[SourceDate "2017.03.02"]
[SourceVersion "1"]
[SourceVersionDate "2017.03.02"]
[SourceQuality "1"]

1. e4 e5 2. Nf3 Nc6 3. d4 exd4 4. Bc4 Nf6 5. e5 Ng4 6. 0-0 Be7 7. Bf4 d6 8. Bb5 0-0 9. Bxc6 dxe5 10. Nxe5 Nxe5 11. Bxe5 bxc6 12. Qxd4 Qxd4 13. Bxd4 Bf5 14. c3 c5 15. Be3 Rfb8 16. b3 c4 17. Nd2 Bd3 18. Rfd1 cxb3 19. axb3 a6 20. b4 Bf6 21. Rdc1 g6 22. Nb3 Bc4 23. Nc5 Rd8 24. h3 Kg7 25. Ne4 Be7 26. Bd4+ f6 27. Re1 Kf7 28. Nc5 Rd6 29. Re3 Bf8 30. Rae1 Bd5 31. Nd3 Re6 32. Rxe6 Bxe6 33. Nc5 Bc4 34. Nd7 Be7 35. Bc5 Bxc5 36. Nxc5 a5 37. Ra1 a4 38. Rxa4 Rxa4 39. Nxa4 Ke6 40. f3 Kd5 41. Kf2 Bb5 42. Nb2 Ke5 43. g3 g5 44. c4 Bd7 1/2-1/2

[Event "An Pasan Alcor Christmas"]
[Site "Sofia"]
[Date "2016.12.26"]
[Round "1.3"]
[White "Kolev, Lachezar"]
[Black "Chivulescu, Adrian Alexandru"]
[Result "0-1"]
[WhiteElo "1856"]
[BlackElo "1750"]
[PlyCount "62"]
[EventDate "2016.12.26"]
[EventType "team-schev"]
[EventRounds "6"]
[EventCountry "BUL"]
[SourceTitle "CBM 176 Extra"]
[Source "ChessBase"]
[SourceDate "2017.03.02"]
[SourceVersion "1"]
[SourceVersionDate "2017.03.02"]
[SourceQuality "1"]
[WhiteTeam "An Pasan"]
[BlackTeam "Alcor"]
[WhiteTeamCountry "BUL"]
[BlackTeamCountry "ROU"]

1. e4 e5 2. Nf3 Nc6 3. Nc3 Nf6 4. d4 exd4 5. Nxd4 Bb4 6. Nxc6 bxc6 7. Bd3 0-0 8. 0-0 d5 9. exd5 cxd5 10. Bg5 c6 11. Na4 Be6 12. a3 Be7 13. Rc1 Qc7 14. Bxf6 Bxf6 15. c4 Bg5 16. Rc2 dxc4 17. Bxc4 Bf5 18. Rc3 Bf6 19. Rc1 Qf4 20. g3 Qg5 21. Re1 Bg4 22. Be2 Rad8 23. f4 Qa5 24. Qb3 Bd4+ 25. Kg2 Rfe8 26. Qc4 Rxe2+ 27. Rxe2 Bxe2 28. Qxe2 Qxa4 29. Rc4 Qb5 30. b4 Qd5+ 31. Kh3 h6 0-1

[Event "ROM-ch U12"]
[Site "Calimanesti"]
[Date "2015.04.03"]
[Round "6"]
[White "Olariu, Luca Stefan"]
[Black "Chivulescu, Adrian Alexandru"]
[Result "1/2-1/2"]
[WhiteElo "1478"]
[BlackElo "1631"]
[PlyCount "86"]
[EventDate "2015.03.30"]
[EventType "swiss"]
[EventRounds "9"]
[EventCountry "ROU"]
[SourceTitle "CBM 165 Extra"]
[Source "ChessBase"]
[SourceDate "2015.04.21"]
[SourceVersion "1"]
[SourceVersionDate "2015.04.21"]
[SourceQuality "1"]

1. e4 e5 2. Nf3 Nc6 3. d4 exd4 4. Bc4 Bc5 5. c3 Nf6 6. cxd4 Bb4+ 7. Bd2 Nxe4 8. Bxb4 Nxb4 9. Bxf7+ Kxf7 10. Qb3+ d5 11. Ne5+ Ke6 12. Qxb4 Qf8 13. Qxf8 Rxf8 14. Nc3 c6 15. f3 Nd6 16. 0-0 Nf5 17. Rfe1 Kd6 18. Rad1 Be6 19. Kf2 Bg8 20. g4 Nh6 21. Kg3 Nf7 22. f4 g6 23. Rd2 Nd8 24. Ne2 Ne6 25. Rd3 Nc7 26. Rf3 Ne8 27. f5 gxf5 28. Rxf5 Rxf5 29. gxf5 Nf6 30. Nc3 Rf8 31. Rf1 c5 32. Nb5+ Ke7 33. dxc5 Ne4+ 34. Kg4 a6 35. Nd4 Nxc5 36. Kg5 Rf6 37. Ng4 Ne4+ 38. Kf4 Rb6 39. b3 Nf6 40. Nxf6 Kxf6 41. Rg1 Bf7 42. Rc1 Rb4 43. Rd1 Rb6 1/2-1/2

[Event "ROM-ch U12"]
[Site "Calimanesti"]
[Date "2014.04.09"]
[Round "4"]
[White "Chivulescu, Adrian Alexandru"]
[Black "Dobrin, Ionut Alexandru"]
[Result "1-0"]
[WhiteElo "1602"]
[BlackElo "1342"]
[PlyCount "199"]
[EventDate "2014.04.06"]
[EventType "swiss"]
[EventRounds "9"]
[EventCountry "ROU"]
[SourceTitle "CBM 160 Extra"]
[Source "ChessBase"]
[SourceDate "2014.07.01"]
[SourceVersion "1"]
[SourceVersionDate "2014.07.01"]
[SourceQuality "1"]

1. d4 Nf6 2. c4 e6 3. Nc3 Bb4 4. e3 Bxc3+ 5. bxc3 c5 6. Bd3 b6 7. Nf3 Ba6 8. e4 Nc6 9. Bg5 Qc7 10. e5 Ng8 11. Bf4 Na5 12. d5 Bxc4 13. d6 Qb7 14. Qc2 Bxd3 15. Qxd3 g6 16. c4 h5 17. 0-0 Nh6 18. Bxh6 Rxh6 19. Qe3 Rh8 20. Qg5 Nc6 21. Qf6 Rf8 22. Rfe1 Qc8 23. Rad1 Qd8 24. Qg7 Nd4 25. Nxd4 cxd4 26. Rxd4 Qg5 27. h4 Qf5 28. g3 g5 29. hxg5 Qg6 30. Qf6 Qxf6 31. gxf6 Rh8 32. Rh4 Kd8 33. g4 Kc8 34. gxh5 Kb7 35. Kg2 Rag8+ 36. Kf3 Rh6 37. Rg4 Rxg4 38. Kxg4 Kc6 39. Rh1 Kc5 40. Rh4 Rh7 41. Kg5 Kb4 42. a4 Kxa4 43. c5+ Kb5 44. cxb6 Kxb6 45. f4 Kc5 46. f5 Kd5 47. fxe6 Kxe6 48. Kf4 a5 49. Kg5 Kxe5 50. Ra4 Kxd6 51. Rxa5 Ke6 52. Ra8 d5 53. Re8+ Kd7 54. Rg8 d4 55. Rg7 d3 56. Rxh7 d2 57. Rxf7+ Kc6 58. h6 d1Q 59. Rg7 Qd5+ 60. Kg6 Qd3+ 61. Kf7 Qd7+ 62. Kg8 Qe8+ 63. Kh7 Qf8 64. f7 Kd7 65. Kg6 Ke6 66. h7 Qh8 67. Kh6 Kf5 68. Rg5+ Kf4 69. Kg6 Qf8 70. h8Q Qxh8 71. Rf5+ Ke3 72. f8Q Qd4 73. Qc5 Qxc5 74. Rxc5 Kd4 75. Rh5 Ke4 76. Kf6 Kd4 77. Ke6 Kc4 78. Kd6 Kd4 79. Rh4+ Ke3 80. Ra4 Kd3 81. Kc5 Ke3 82. Kd5 Kf3 83. Ke5 Kg3 84. Kf5 Kf3 85. Ra3+ Ke2 86. Ke4 Kd2 87. Rh3 Kc2 88. Kd4 Kb2 89. Kc4 Ka2 90. Kb4 Kb2 91. Rh2+ Kc1 92. Kb3 Kd1 93. Kc3 Ke1 94. Kd3 Kf1 95. Rb2 Ke1 96. Ra2 Kf1 97. Ke3 Kg1 98. Kf3 Kh1 99. Kg3 Kg1 100. Ra1# 1-0

[Event "ROM-ch U10"]
[Site "Calimanesti"]
[Date "2013.04.07"]
[Round "8"]
[White "Chivulescu, Adrian Alexandru"]
[Black "Sarighioleanu, Sebastian Laurentiu"]
[Result "1-0"]
[WhiteElo "1597"]
[BlackElo "1394"]
[PlyCount "163"]
[EventDate "2013.04.02"]
[EventType "swiss"]
[EventRounds "9"]
[EventCountry "ROU"]
[SourceTitle "CBM 153 Extra"]
[Source "ChessBase"]
[SourceDate "2013.04.22"]
[SourceVersion "1"]
[SourceVersionDate "2013.04.22"]
[SourceQuality "1"]

1. d4 Nf6 2. c4 e5 3. dxe5 Ng4 4. Bf4 Nc6 5. Nf3 Bb4+ 6. Nc3 Qe7 7. Qd5 Bxc3+ 8. bxc3 f6 9. exf6 Nxf6 10. Qd3 d6 11. e3 0-0 12. Be2 Qe4 13. Qd2 Re8 14. 0-0 Bf5 15. Rac1 h6 16. h3 Kh7 17. Rfd1 Rad8 18. Qb2 Na5 19. Bd3 Nxc4 20. Bxe4 Nxb2 21. Bxf5+ g6 22. Bxg6+ Kxg6 23. Rd4 Kh7 24. Rb1 c5 25. Rxd6 Rxd6 26. Bxd6 Ne4 27. Bxc5 Nxc5 28. Rxb2 b6 29. Nd4 Na4 30. Rb4 Nxc3 31. Rc4 Nd5 32. Nc6 Rc8 33. e4 b5 34. Rc2 Ne7 35. Nd4 Rd8 36. Rc7 Rxd4 37. Rxe7+ Kg6 38. Rxa7 Rxe4 39. Rb7 Rb4 40. Rb6+ Kg5 41. a4 Rxa4 42. Rxb5+ Kg6 43. Kh2 h5 44. f3 h4 45. Rb2 Ra3 46. Rf2 Kg5 47. g3 Kh5 48. Kg2 Rb3 49. gxh4 Kxh4 50. Re2 Kg5 51. Kg3 Rb1 52. Rg2 Rb3 53. Rg1 Kh5 54. Rc1 Kg5 55. Rc5+ Kg6 56. h4 Rb1 57. Kg4 Rg1+ 58. Kf4 Rb1 59. Rg5+ Kh6 60. Kf5 Rb5+ 61. Kg4 Rb1 62. f4 Rg1+ 63. Kf5 Rb1 64. h5 Rb5+ 65. Kg4 Rb1 66. Rg6+ Kh7 67. Kg5 Rg1+ 68. Kf6 Rb1 69. f5 Rb2 70. Ke5 Re2+ 71. Kf4 Rf2+ 72. Kg4 Rf1 73. f6 Rg1+ 74. Kf5 Rf1+ 75. Ke6 Re1+ 76. Kf7 Ra1 77. Rg4 Ra7+ 78. Ke6 Ra6+ 79. Kf5 Ra5+ 80. Kf4 Rxh5 81. f7 Rh1 82. Ke5 1-0

[Event "ROM-ch U10"]
[Site "Calimanesti"]
[Date "2013.04.06"]
[Round "7"]
[White "Stroe, Flavius Gabriel"]
[Black "Chivulescu, Adrian Alexandru"]
[Result "1-0"]
[WhiteElo "1535"]
[BlackElo "1597"]
[PlyCount "111"]
[EventDate "2013.04.02"]
[EventType "swiss"]
[EventRounds "9"]
[EventCountry "ROU"]
[SourceTitle "CBM 153 Extra"]
[Source "ChessBase"]
[SourceDate "2013.04.22"]
[SourceVersion "1"]
[SourceVersionDate "2013.04.22"]
[SourceQuality "1"]

1. e4 e5 2. Nf3 Nc6 3. Bc4 Bc5 4. 0-0 Nf6 5. d3 d6 6. h3 h6 7. Be3 Bb6 8. Nc3 0-0 9. Qd2 Ne7 10. Rfe1 Ng6 11. Ne2 c6 12. Bxb6 axb6 13. Ng3 Re8 14. Rad1 b5 15. Bb3 d5 16. a3 Bd7 17. c3 Qc7 18. Qc2 Rad8 19. c4 bxc4 20. dxc4 d4 21. c5 Nf4 22. Nd2 Bc8 23. Nc4 g6 24. Nd6 Rf8 25. Ba2 Ne6 26. Bxe6 Bxe6 27. Qd2 Kh7 28. f4 Bb3 29. Rc1 exf4 30. Qxf4 Ne8 31. e5 f6 32. Nge4 Nxd6 33. exd6 Qg7 34. Nd2 Bd5 35. Qxd4 Rf7 36. Re3 b6 37. b4 b5 38. Rce1 Rdd7 39. Nb1 h5 40. Nc3 Bc4 41. Re8 Rf8 42. Rxf8 Qxf8 43. Qe3 Bf7 44. Qf4 Kg7 45. Qe4 Qc8 46. Qf3 Bc4 47. Qe4 Bf7 48. a4 Qa6 49. axb5 cxb5 50. Qe2 Bc4 51. Qe8 Qb7 52. Re7+ Rxe7 53. dxe7 Kh7 54. Qf8 Qd7 55. e8Q Qd4+ 56. Kh1 1-0

[Event "ROM-ch U10"]
[Site "Calimanesti"]
[Date "2013.04.05"]
[Round "6"]
[White "Chivulescu, Adrian Alexandru"]
[Black "Coca, Cristi Iulian"]
[Result "1-0"]
[WhiteElo "1597"]
[BlackElo "1479"]
[PlyCount "59"]
[EventDate "2013.04.02"]
[EventType "swiss"]
[EventRounds "9"]
[EventCountry "ROU"]
[SourceTitle "CBM 153 Extra"]
[Source "ChessBase"]
[SourceDate "2013.04.22"]
[SourceVersion "1"]
[SourceVersionDate "2013.04.22"]
[SourceQuality "1"]

1. d4 Nf6 2. c4 e6 3. Nc3 Bb4 4. a3 Bxc3+ 5. bxc3 c5 6. e3 0-0 7. Bd3 Nc6 8. Nf3 d6 9. 0-0 b6 10. Bb2 Ba6 11. Rc1 Na5 12. Nd2 d5 13. Qe2 Rc8 14. cxd5 Bxd3 15. Qxd3 c4 16. Qe2 exd5 17. f3 Re8 18. Rfe1 Rc7 19. e4 Rce7 20. e5 Nh5 21. g3 Qd7 22. Nf1 Re6 23. Qf2 g6 24. Qc2 Nb7 25. Qf2 Qe7 26. f4 Ng7 27. Ne3 Rd8 28. Qf3 Qe8 29. Nxd5 Qc6 30. Ne7+ 1-0

[Event "ROM-ch U10"]
[Site "Calimanesti"]
[Date "2013.04.04"]
[Round "4"]
[White "Chivulescu, Adrian Alexandru"]
[Black "Craciun, Alexandru Emilian"]
[Result "1-0"]
[WhiteElo "1597"]
[BlackElo "1461"]
[PlyCount "95"]
[EventDate "2013.04.02"]
[EventType "swiss"]
[EventRounds "9"]
[EventCountry "ROU"]
[SourceTitle "CBM 153 Extra"]
[Source "ChessBase"]
[SourceDate "2013.04.22"]
[SourceVersion "1"]
[SourceVersionDate "2013.04.22"]
[SourceQuality "1"]

1. d4 e6 2. c4 Nf6 3. Nc3 Bb4 4. a3 Bxc3+ 5. bxc3 c5 6. e3 b6 7. Nf3 Nc6 8. Be2 Na5 9. Nd2 Ba6 10. Bd3 Qc7 11. Qe2 Rc8 12. Bb2 0-0 13. Rc1 Ne8 14. d5 exd5 15. cxd5 c4 16. Bc2 Nf6 17. Qf3 Bb7 18. e4 Rfe8 19. 0-0 d6 20. Rfe1 b5 21. Rb1 Re7 22. Qf4 Nd7 23. Nf3 Ne5 24. Nxe5 Rxe5 25. f3 Rce8 26. Qg3 Qe7 27. Kf1 Qd7 28. Rbd1 f5 29. Bc1 fxe4 30. Bxe4 Qf7 31. Bf4 Rh5 32. Bxd6 Nb3 33. Bf4 Nc5 34. Kg1 Nd7 35. d6 Bxe4 36. fxe4 Nc5 37. Qf3 Qd7 38. Qxh5 Nxe4 39. Qd5+ Kh8 40. Rxe4 Rg8 41. Re7 Qd8 42. Bh6 Qb6+ 43. Rd4 Qd8 44. Qe5 Qf8 45. Rg4 a5 46. Bxg7+ Rxg7 47. Re8 Kg8 48. Qxg7# 1-0

[Event "ROM-ch"]
[Site "Sarata Monteoru"]
[Date "2012.02.16"]
[Round "5"]
[White "Soare, Cristel"]
[Black "Chivulescu, Adrian Alexandru"]
[Result "0-1"]
[WhiteElo "1519"]
[BlackElo "1545"]
[PlyCount "44"]
[EventDate "2012.02.13"]
[EventType "swiss"]
[EventRounds "11"]
[EventCountry "ROU"]
[SourceTitle "CBM 147 Extra"]
[Source "ChessBase"]
[SourceDate "2012.04.24"]
[SourceVersion "1"]
[SourceVersionDate "2012.04.24"]
[SourceQuality "1"]

1. e4 e5 2. Nf3 Nc6 3. c3 Nf6 4. d4 exd4 5. cxd4 Bb4+ 6. Bd2 Nxe4 7. Bxb4 Nxb4 8. Nc3 Nxc3 9. bxc3 Nd5 10. Qc2 0-0 11. Bd3 Re8+ 12. Kd2 h6 13. Rae1 Rxe1 14. Rxe1 d6 15. Kc1 Be6 16. Kb2 Qf6 17. Qb3 Nf4 18. Qxb7 Nxd3+ 19. Kb1 Rd8 20. Rxe6 Qxe6 21. Qxc7 Re8 22. Qxf7+ Kxf7 0-1

[Event "ROM-ch"]
[Site "Sarata Monteoru"]
[Date "2012.02.15"]
[Round "4"]
[White "Chivulescu, Adrian Alexandru"]
[Black "Nistor, Stefan"]
[Result "0-1"]
[WhiteElo "1545"]
[BlackElo "1707"]
[PlyCount "76"]
[EventDate "2012.02.13"]
[EventType "swiss"]
[EventRounds "11"]
[EventCountry "ROU"]
[SourceTitle "CBM 147 Extra"]
[Source "ChessBase"]
[SourceDate "2012.04.24"]
[SourceVersion "1"]
[SourceVersionDate "2012.04.24"]
[SourceQuality "1"]

1. e4 c5 2. Nf3 e6 3. d4 cxd4 4. Nxd4 a6 5. Nc3 Qc7 6. g3 Nf6 7. Bg2 Be7 8. 0-0 d6 9. Re1 Nbd7 10. Be3 0-0 11. f4 Rb8 12. a4 Nb6 13. Bf2 Nc4 14. b3 Na5 15. Qd2 Ng4 16. Na2 Nxf2 17. Qxf2 Nc6 18. Nxc6 Qxc6 19. Kh1 Qc7 20. Rad1 b5 21. axb5 axb5 22. Nc1 Bb7 23. Nd3 Rbc8 24. Rd2 Rfd8 25. Qe3 h6 26. Rf2 d5 27. exd5 Bxd5 28. Bxd5 Rxd5 29. Qe4 Bf6 30. Qe2 Qb7 31. Qe4 Qb6 32. Rfe2 Rd4 33. Qf3 Rd6 34. Qe4 Rdc6 35. Rc1 Qc7 36. Nb4 Rd6 37. Nd3 Rd4 38. Qg2 Rxd3 0-1